00269nam a2200121Ia 45000030006000000080041000060400015000471000016000622450031000782600009001095460012001180050017001300STCL150530s9999 xx 000 0 und d aSTCLcSTCL aShakespeare aShakespeares works Vol-XII c1910 aEnglish20220125170941.0